Statistiken für Casper ft. Tua - TNT (lyrics)

Klicken Sie hier um das Quiz zu spielen!

Allgemein

  • Dieses Quiz wurde 9 mal gespielt
  • Das Durchschnittsergebnis liegt bei 234 aus 326

Antwortstatistiken

Antwort% Korrekt
Bin
89%
bin
89%
das
89%
die
89%
(ha?)
89%
ich
89%
in
89%
ist
89%
Mhm-hm,
89%
mhm-hm,
89%
(uh-uhu)
89%
(yeah)
89%
(allein)
78%
Allein
78%
allein?
78%
allein
78%
auch
78%
auf
78%
Bauch,
78%
bei
78%
Birne
78%
bis
78%
bleib
78%
den
78%
dich
78%
du
78%
ein
78%
es
78%
Fall
78%
falle
78%
falle,
78%
fühlst
78%
grad
78%
grad,
78%
Herz
78%
hör
78%
ja
78%
jetzt
78%
Kann
78%
kann
78%
kann,
78%
kannst
78%
Kopf
78%
lange
78%
liebst,
78%
meine
78%
meinem
78%
mich
78%
mir
78%
nicht
78%
nur
78%
nur,
78%
okay
78%
so?
78%
so
78%
Stacheldraht.
78%
tun,
78%
und
78%
warte
78%
weich
78%
wenn
78%
Wenn
78%
wie
78%
will
78%
ab,
67%
Achterbahn
67%
alles
67%
als
67%
am
67%
an
67%
Bombe
67%
Brust,
67%
dass
67%
deinen
67%
denken
67%
der
67%
fiel
67%
fragt
67%
glaube
67%
glaube,
67%
leg
67%
leicht
67%
Loch
67%
mit
67%
ohne
67%
seit
67%
sich
67%
sie
67%
Sonne
67%
spannen,
67%
tickt
67%
(tickt)
67%
TNT
67%
Tuch
67%
Watteball
67%
zu
67%
abfuck
56%
abspringen,
56%
Alltag
56%
Angst
56%
anormal
56%
aus,
56%
Bipolar
56%
bisschen
56%
boxen
56%
denn
56%
Downer,
56%
einen
56%
Engel
56%
frage,
56%
fucking
56%
geht?
56%
geht
56%
halt
56%
hochgeht,
56%
hoffentlich)
56%
jedes
56%
Kraftakt
56%
krank
56%
macht?
56%
Medizin,
56%
nachgedacht
56%
noch
56%
oder
56%
pow
56%
Schlaf
56%
Tag
56%
tagelang
56%
Teufel
56%
träumen
56%
Upper,
56%
viel
56%
Welt
56%
Zahnausfall
56%
Zeit,
56%
Blauer
44%
bloß
44%
Draht,
44%
egal,
44%
erkannt,
44%
Everest
44%
(ey,
44%
(ey)
44%
freie
44%
frisst
44%
ganz
44%
gut
44%
hab
44%
Hamsterrad
44%
ihn
44%
kapp
44%
Karriereleiter
44%
Mariannengraben
44%
ob
44%
roter
44%
Schultern
44%
schwarzes
44%
such
44%
vom
44%
Wahl,
44%
zuviel
44%

Verteilung der Resultate

Perzentil nach korrekt beantworteten Fragen

Anzahl Personen mit jedem Resultat

Ihre Resultats-Entwicklung

Sie haben dieses Quiz noch nicht gespielt